000 00981nam a2200217Ia 4500
003 Ost
005 20260507075040.0
008 260507s9999||||xx |||||||||||||| ||und||
040 _cfsecg
041 _aara
082 _a330
100 _aالصميدعي، محمود جاسم
_eمؤلف
245 0 _aسلوك المستهلك /
_c محمود جاسم الصميدعي
260 _aعمان:
_bدار المناهج,
_c2001
300 _a280 صفحة؛
_bإيضاحات ؛
_c24 سم
520 _aمداخل دراسة سلوك المستهلك، النماذج الجزئية لدراسة وتفسير سلوك المستهلك، المدخل الكمي الحديث في دراسة سلوك المستهلك، سلوك المستهلك كنظام، التجزئة القطاعية لسوق المستهلكين
653 _aالاستهلاك
653 _aالمستهلكون
700 _aردينة، عثمان يوسف
_eمؤلف ثانوي
942 _cكتاب
999 _c42503
_d42503